000 00376nam a22001457a 4500
020 _a9780357374825
040 _cDLC
082 _a610
_bWEI
100 _aWeiten, Wayne
_9114153
245 _aPsychology: Themes and Variations /
_cWayne Weiten
250 _a11th
260 _aU.S.A :
_bCengage Learning Press,
_c2022.
300 _a573 p. ;
_bill,
_c28 cm.
942 _2ddc
_cBK
999 _c595556
_d595556